Reformas borbónicas y formación de las naciones independientes : América septentrional /

Estudio, dividido en dos volúmenes, sobre las interrelaciones entre las reformas borbónicas del Imperio español en la segunda mitad del siglo XVIII y la formación de las naciones independientes en sus territorios americanos durante las tres primeras décadas del siglo XX. Dedicadas respectivamente a...

Πλήρης περιγραφή

Αποθηκεύτηκε σε:
Λεπτομέρειες βιβλιογραφικής εγγραφής
Κύριος συγγραφέας: Alcauter Guzmán, José Luis (autor)
Μορφή: Βιβλίο
Γλώσσα:Ισπανικά
Έκδοση: Zamora, México : El Colegio de Michoacán, 2024, c2024
Σειρά:(Historia INAH. Logos)
Θέματα:
Ετικέτες: Προσθήκη ετικέτας
Δεν υπάρχουν, Καταχωρήστε ετικέτα πρώτοι!

MARC

LEADER 00000nam^a2200000^a^4500
001 000630373
005 20260410000000.0
009 20260410195519.339
020 |a 978-607-544-262-4 
037 |a Acervo ITESO - Biblioteca 
041 |a ESP 
082 |a 980. 013  |b ALC V. 1 
100 |a Alcauter Guzmán, José Luis  |e (autor) 
240 1 1 |a [Reformas borbónicas y formación de las naciones independientes] 
245 1 0 |a Reformas borbónicas y formación de las naciones independientes :  |b América septentrional /  |c J.L. Alcauter Guzmán, G. Bernal Ruiz, R. Diego-Fernández Sotelo. 
264 4 |a Zamora, México :  |b El Colegio de Michoacán,  |c 2024, c2024 
300 |a 79 p. 
336 |a texto  |b txt  |2 rdacontenido 
337 |a sin mediación  |b n  |2 rdamedio 
338 |a volumen  |b nc  |2 rdasoporte 
440 1 |a (Historia INAH.  |p Logos) 
520 |a Estudio, dividido en dos volúmenes, sobre las interrelaciones entre las reformas borbónicas del Imperio español en la segunda mitad del siglo XVIII y la formación de las naciones independientes en sus territorios americanos durante las tres primeras décadas del siglo XX. Dedicadas respectivamente a la América septentrional y a la América meridional, cada entrega presenta una exposición y estructuración en tres apartados: el relativo a las reformas, el concerniente a la etapa de las revoluciones de independencia y la Constitución de Cádiz (1812) y finalmente, el referente a la continuidad del sistema de gobierno intermedio en las nuevas naciones. 
649 |a XX 
650 |a Reforma Administrativa -  |z España -  |x Historia -  |y Siglo XVIII 
650 |a Reforma Administrativa -  |z España -  |x Historia -  |y Borbones, 1700-1931 -  |x Tema Principal 
650 |a México -  |x Historia -  |y Guerra de Independencia, 1810-1821 -  |x Tema Principal 
650 |a México -  |x Historia -  |y Siglo XIX 
650 |a México -  |x Historia -  |y Virreinato, 1535-1821 
650 |a México -  |x Historia -  |y Epoca Colonial, 1517-1821 
650 |a América del Norte -  |x Historia -  |y Guerras de Independencia 
650 |a América del Norte -  |x Historia -  |y Epoca Colonial 
650 |a América -  |x Historia -  |y Guerras de Independencia -  |x Tema Principal 
650 |a América -  |x Historia -  |y Epoca Colonial 
650 |a España -  |x Historia -  |y Borbones, 1700-1931 
910 |a Fondo General 
920 |a Impresos - Libros 
930 |a Colección General 
905 |a 101 
901 |a 630373-10  |b IT1  |c ACC  |i C193649  |u 20260410 
902 |a https://opac.biblio.iteso.mx/vufind/Record/000630373